World’s Best Economy Class Airlines 2025 - Statistics

General Stats
  • This quiz has been taken 142 times
  • The average score is 12 of 20
Answer Stats
Rank | Airline % Correct
7 Emirates
93%
2 Qatar Airways
86%
3 Singapore Airlines
82%
17 British Airways
77%
11 Air France
75%
5 Japan Airlines
75%
13 Delta Air Lines
74%
15 Etihad Airways
69%
19 China Airlines
65%
4 ANA All Nippon Airways
63%
1 . Cathay Pacific Airways
60%
18 Korean Air
60%
10 Turkish Airlines
59%
20 Thai Airways
53%
12 Saudia
48%
6 EVA Air
47%
16 Malaysia Airlines
47%
14 Virgin Atlantic
40%
9 Hainan Airlines
30%
8 STARLUX Airlines
27%
No matching quizzes found
Score Distribution
Percent of People with Each Score
Percentile by Number Answered
Your Score History
You have not taken this quiz